[Event "Titled Tuesday intern op 02nd May Early"]
[Site "Chess.com INT"]
[Date "2023.05.02"]
[Round "2"]
[White "Rangel, Daniel"]
[Black "Charmier, Gregory"]
[Result "1-0"]
[WhiteElo "2207"]
[BlackElo "2131"]
[PlyCount "83"]
[EventDate "2023.05.02"]
[EventType "swiss (blitz)"]
[EventRounds "11"]
[EventCountry "USA"]
[SourceTitle "EXT 2024"]
[Source "ChessBase"]
[SourceDate "2023.10.10"]
[SourceVersion "1"]
[SourceVersionDate "2023.10.10"]
[SourceQuality "1"]

1. e4 e6 2. d4 d5 3. Nd2 Nf6 4. e5 Nfd7 5. Ne2 c5 6. c3 Nc6 7. Nf3 f6 8. exf6 Nxf6 9. Nf4 cxd4 10. cxd4 Bd6 11. Bd3 Qc7 12. g3 e5 13. dxe5 Nxe5 14. Nxe5 Bxe5 15. 0-0 0-0 16. Nh5 Be6 17. Bg5 Rae8 18. Rc1 Qb6 19. Bb1 Kh8 20. Qd3 Bg8 21. Nf4 Ne4 22. Bh4 Bxf4 23. gxf4 Rxf4 24. Bg3 Rf6 25. Kg2 Ref8 26. f3 Nxg3 27. hxg3 Qd6 28. Rh1 g6 29. Qd4 Kg7 30. Rcf1 h5 31. Rh4 Re8 32. Rf2 Qe5 33. Qxa7 Re7 34. Qc5 Qg5 35. Qd4 Kh6 36. Qb4 Re1 37. Qxe1 d4 38. Qd2 Qxd2 39. Rxd2 Bd5 40. Be4 g5 41. Bxd5 gxh4 42. gxh4 1-0

[Event "Titled Tuesday intern op 25th Apr Early"]
[Site "Chess.com INT"]
[Date "2023.04.25"]
[Round "10"]
[White "Castillo Pena, Patricia Evarista"]
[Black "Charmier, Gregory"]
[Result "0-1"]
[WhiteElo "1784"]
[BlackElo "2131"]
[PlyCount "68"]
[EventDate "2023.04.25"]
[EventType "swiss (blitz)"]
[EventRounds "11"]
[EventCountry "USA"]
[SourceTitle "EXT 2024"]
[Source "ChessBase"]
[SourceDate "2023.10.10"]
[SourceVersion "1"]
[SourceVersionDate "2023.10.10"]
[SourceQuality "1"]

1. d4 e6 2. Nf3 Nf6 3. e3 b6 4. Bd3 Bb7 5. 0-0 d5 6. Nbd2 Nbd7 7. b3 c5 8. Bb2 Ne4 9. c4 Ndf6 10. Ne5 Be7 11. cxd5 exd5 12. Bb5+ Kf8 13. Nxe4 Nxe4 14. Nc6 Bxc6 15. Bxc6 Rc8 16. Bb5 h5 17. dxc5 bxc5 18. Rc1 Rh6 19. Bd3 Nf6 20. Bf5 Rc6 21. Qf3 h4 22. h3 Bd6 23. Rfd1 Bb8 24. Bxf6 Rhxf6 25. Qxd5 Rfd6 26. Qf3 Qc7 27. Rxd6 Qxd6 28. g3 hxg3 29. fxg3 Qh6 30. h4 g6 31. Bg4 Rc7 32. Rf1 Re7 33. Qa8 Qxe3+ 34. Kg2 Qxg3+ 0-1

[Event "Titled Tuesday intern op 25th Apr Early"]
[Site "Chess.com INT"]
[Date "2023.04.25"]
[Round "5"]
[White "Charmier, Gregory"]
[Black "Fernandez Garcia, Gumersindo"]
[Result "0-1"]
[WhiteElo "2131"]
[BlackElo "2172"]
[PlyCount "110"]
[EventDate "2023.04.25"]
[EventType "swiss (blitz)"]
[EventRounds "11"]
[EventCountry "USA"]
[SourceTitle "EXT 2024"]
[Source "ChessBase"]
[SourceDate "2023.10.10"]
[SourceVersion "1"]
[SourceVersionDate "2023.10.10"]
[SourceQuality "1"]

1. d4 Nf6 2. Nf3 e6 3. Bf4 c5 4. e3 Nc6 5. c3 b6 6. Nbd2 Bb7 7. Nc4 d6 8. dxc5 e5 9. Bg3 bxc5 10. Qa4 Be7 11. Rd1 Qc7 12. Be2 0-0 13. 0-0 Ne4 14. Nfd2 Nxg3 15. hxg3 d5 16. Na3 a6 17. c4 d4 18. Bf3 Rad8 19. Bd5 Nb4 20. e4 Bxd5 21. cxd5 f5 22. f3 Bg5 23. Ndc4 d3 24. Qb3 Rf6 25. Qc3 fxe4 26. fxe4 Rdf8 27. Qxe5 Rxf1+ 28. Rxf1 Rxf1+ 29. Kxf1 Qf7+ 30. Qf5 Nc2 31. Qxf7+ Kxf7 32. d6 Nd4 33. Ke1 Ke6 34. Kd1 Ne2 35. Nb1 Nxg3 36. Nc3 h5 37. e5 Nf5 38. Nb6 Ne3+ 39. Kd2 Nc4+ 40. Kxd3 Nxb6 41. Ne4 Bd8 42. Nxc5+ Kxe5 43. d7 Kd6 44. Nb7+ Kxd7 45. Nxd8 Kxd8 46. Ke4 Ke7 47. Kf5 Kf7 48. Kg5 g6 49. b4 Nd5 50. a3 Ne3 51. a4 Nxg2 52. b5 axb5 53. a5 Ne3 54. a6 Nd5 55. a7 Nc7 0-1

[Event "Titled Tuesday intern op 25th Apr Early"]
[Site "Chess.com INT"]
[Date "2023.04.25"]
[Round "4"]
[White "Estrada Nieto, Julian"]
[Black "Charmier, Gregory"]
[Result "1-0"]
[WhiteElo "2217"]
[BlackElo "2131"]
[PlyCount "55"]
[EventDate "2023.04.25"]
[EventType "swiss (blitz)"]
[EventRounds "11"]
[EventCountry "USA"]
[SourceTitle "EXT 2024"]
[Source "ChessBase"]
[SourceDate "2023.10.10"]
[SourceVersion "1"]
[SourceVersionDate "2023.10.10"]
[SourceQuality "1"]

1. e4 e6 2. d4 d5 3. Nd2 Nf6 4. e5 Nfd7 5. Bd3 c5 6. c3 Nc6 7. Ne2 cxd4 8. cxd4 f6 9. exf6 Qxf6 10. Nf3 h6 11. 0-0 Bd6 12. Be3 0-0 13. h3 Rd8 14. Nh2 Nf8 15. Ng4 Qf7 16. Bxh6 e5 17. dxe5 Bxg4 18. hxg4 Nxe5 19. Bg5 Nxg4 20. Ng3 Nf6 21. Nf5 Bc7 22. Qf3 Rac8 23. Rac1 Bb8 24. Rxc8 Rxc8 25. Qh3 Rc6 26. Re1 Ne4 27. Bxe4 dxe4 28. Ne7+ 1-0

[Event "Titled Tuesday intern op 25th Apr Early"]
[Site "Chess.com INT"]
[Date "2023.04.25"]
[Round "3"]
[White "Leenhouts, Koen"]
[Black "Charmier, Gregory"]
[Result "1-0"]
[WhiteElo "2442"]
[BlackElo "2131"]
[PlyCount "67"]
[EventDate "2023.04.25"]
[EventType "swiss (blitz)"]
[EventRounds "11"]
[EventCountry "USA"]
[SourceTitle "EXT 2024"]
[Source "ChessBase"]
[SourceDate "2023.10.10"]
[SourceVersion "1"]
[SourceVersionDate "2023.10.10"]
[SourceQuality "1"]

1. e4 e6 2. d4 d5 3. Nc3 Bb4 4. exd5 exd5 5. Bd3 Nc6 6. Nge2 Nge7 7. 0-0 Bf5 8. a3 Bxc3 9. bxc3 Bxd3 10. Qxd3 0-0 11. a4 Qd7 12. a5 a6 13. Bf4 Nf5 14. Rfb1 Rab8 15. Bxc7 Qxc7 16. Qxf5 Rfd8 17. Qf4 Qd7 18. Ng3 Re8 19. Nf5 Re6 20. Ne3 Rbe8 21. h3 R8e7 22. Qf3 Rg6 23. Nxd5 Ree6 24. Re1 Rd6 25. Nb6 Qd8 26. Nc4 Rdf6 27. Qd5 Qc8 28. Nb6 Qf8 29. Qd7 Re6 30. Rxe6 Rxe6 31. d5 Rd6 32. dxc6 Rxd7 33. cxd7 Qd8 34. Re1 1-0

[Event "Titled Tuesday intern op 27th Dec Early"]
[Site "Chess.com INT"]
[Date "2022.12.27"]
[Round "7"]
[White "Devaev, Alexander"]
[Black "Charmier, Gregory"]
[Result "1-0"]
[WhiteElo "2325"]
[BlackElo "2127"]
[PlyCount "79"]
[EventDate "2022.12.27"]
[EventType "swiss (blitz)"]
[EventRounds "11"]
[EventCountry "USA"]
[SourceTitle "EXT 2024"]
[Source "ChessBase"]
[SourceDate "2023.10.10"]
[SourceVersion "1"]
[SourceVersionDate "2023.10.10"]
[SourceQuality "1"]

1. d4 Nf6 2. c4 e6 3. Nc3 Bb4 4. e3 0-0 5. Bd3 d6 6. Nge2 Nbd7 7. a3 Bxc3+ 8. Nxc3 Qe7 9. 0-0 e5 10. Qc2 Re8 11. d5 a5 12. b3 c6 13. Bb2 cxd5 14. Nxd5 Nxd5 15. cxd5 Nf6 16. f4 e4 17. Bc4 Bd7 18. a4 Rac8 19. Qd2 Rc7 20. Qxa5 Rc5 21. Qd2 Rec8 22. Bd4 R5c7 23. Bb6 Rxc4 24. bxc4 Rxc4 25. a5 Bb5 26. Rfc1 h5 27. Rc3 Ng4 28. h3 Nh6 29. Rxc4 Bxc4 30. Rc1 Bd3 31. Rc7 Qh4 32. Qf2 Qf6 33. Bd4 Qg6 34. Rxb7 Nf5 35. Rb4 h4 36. Ra4 Ng3 37. a6 Ne2+ 38. Kh2 Ng3 39. a7 Nf1+ 40. Kg1 1-0

[Event "Lenk op 23rd"]
[Site "Lenk"]
[Date "2012.04.08"]
[Round "5"]
[White "Charmier, Gregory"]
[Black "Curien, Nicolas"]
[Result "0-1"]
[WhiteElo "2158"]
[BlackElo "2209"]
[PlyCount "90"]
[EventDate "2012.04.05"]
[EventType "swiss"]
[EventRounds "7"]
[EventCountry "SUI"]
[SourceTitle "CBM 148 Extra"]
[Source "ChessBase"]
[SourceDate "2012.06.22"]
[SourceVersion "1"]
[SourceVersionDate "2012.06.22"]
[SourceQuality "1"]

1. d4 d5 2. c4 e6 3. Nf3 c6 4. e3 Nf6 5. b3 Nbd7 6. Bb2 Bd6 7. Nbd2 0-0 8. Bd3 Re8 9. Ne5 dxc4 10. Ndxc4 Bb4+ 11. Ke2 Nd5 12. Qc2 Nf8 13. a3 Be7 14. Rhd1 f6 15. Nf3 b6 16. Qd2 Qc7 17. Rac1 Bb7 18. g3 Qd8 19. e4 Nc7 20. b4 Nb5 21. Kf1 Nd6 22. Ne3 c5 23. dxc5 bxc5 24. bxc5 Nxe4 25. Qe2 Nxc5 26. Bxh7+ Nxh7 27. Rxd8 Rexd8 28. h4 Nd3 29. Rc2 Be4 30. Rd2 Nxb2 31. Ne1 Na4 32. Rxd8+ Rxd8 33. Qa6 Nc5 34. Qxa7 Rd7 35. Qb6 Nf8 36. N1g2 Rb7 37. Qa5 Rb1+ 38. Ne1 Nd3 39. N3c2 Nxe1 40. Nxe1 Kf7 41. Qc3 Nd7 42. f3 Bd5 43. h5 Nc5 44. Kf2 Rb3 45. Qc2 Rxa3 0-1

[Event "Lenk op 23rd"]
[Site "Lenk"]
[Date "2012.04.07"]
[Round "4"]
[White "Gerber, Richard"]
[Black "Charmier, Gregory"]
[Result "1/2-1/2"]
[WhiteElo "2412"]
[BlackElo "2158"]
[PlyCount "48"]
[EventDate "2012.04.05"]
[EventType "swiss"]
[EventRounds "7"]
[EventCountry "SUI"]
[SourceTitle "CBM 148 Extra"]
[Source "ChessBase"]
[SourceDate "2012.06.22"]
[SourceVersion "1"]
[SourceVersionDate "2012.06.22"]
[SourceQuality "1"]

1. Nf3 Nf6 2. c4 e6 3. g3 d5 4. Bg2 dxc4 5. Qa4+ Bd7 6. Qxc4 Bc6 7. Nc3 a6 8. a3 b5 9. Qa2 Bb7 10. 0-0 c5 11. d3 Nbd7 12. Bf4 Be7 13. Rac1 Nd5 14. Nxd5 Bxd5 15. Qb1 0-0 16. e4 Bb7 17. d4 Rc8 18. d5 Qb6 19. Rcd1 exd5 20. exd5 Bd6 21. Qf5 Rcd8 22. Ng5 Nf6 23. Bd2 Bc8 24. Qc2 h6 1/2-1/2

[Event "SUI-chT"]
[Site "Switzerland"]
[Date "2011.10.23"]
[Round "9.6"]
[White "Huss, Andreas"]
[Black "Charmier, Gregory"]
[Result "1-0"]
[WhiteElo "2295"]
[BlackElo "2167"]
[PlyCount "79"]
[EventDate "2011.02.27"]
[EventType "team-tourn"]
[EventRounds "9"]
[EventCountry "SUI"]
[SourceTitle "EXT 2012"]
[Source "ChessBase"]
[SourceDate "2011.11.24"]
[SourceVersion "1"]
[SourceVersionDate "2011.11.24"]
[SourceQuality "1"]
[WhiteTeam "Winterthur"]
[BlackTeam "Echallens"]
[WhiteTeamCountry "SUI"]
[BlackTeamCountry "SUI"]

1. d4 Nf6 2. c4 e6 3. Nf3 b6 4. Nc3 Bb4 5. Qc2 Bb7 6. a3 Bxc3+ 7. Qxc3 Ne4 8. Qc2 f5 9. e3 d6 10. Bd3 Nd7 11. b4 0-0 12. Bb2 Ng5 13. d5 Nxf3+ 14. gxf3 Ne5 15. f4 Nf3+ 16. Ke2 exd5 17. Bxf5 Rxf5 18. Qxf5 d4 19. Qe6+ Kh8 20. e4 Nh4 21. Bxd4 Qf8 22. Rhg1 Ng6 23. Rxg6 hxg6 24. Qxg6 Bxe4 25. Qh6+ Bh7 26. Rg1 Re8+ 27. Kd2 Re7 28. f5 Rf7 29. Rxg7 Rxg7 30. f6 Kg8 31. Qxg7+ Qxg7 32. fxg7 Kf7 33. b5 Bf5 34. h4 Be6 35. Kc3 Kg6 36. a4 Bg8 37. a5 bxa5 38. Bxa7 a4 39. Bb8 a3 40. Bxc7 1-0

[Event "Biel MTO op 40th"]
[Site "Biel"]
[Date "2007.08.03"]
[Round "11"]
[White "Beshukov, Sergei"]
[Black "Charmier, Gregory"]
[Result "1-0"]
[WhiteElo "2458"]
[BlackElo "2167"]
[PlyCount "81"]
[EventDate "2007.07.23"]
[EventType "swiss"]
[EventRounds "11"]
[EventCountry "SUI"]
[SourceTitle "CBM 119 Extra"]
[Source "ChessBase"]
[SourceDate "2007.09.04"]
[SourceVersion "1"]
[SourceVersionDate "2007.09.04"]
[SourceQuality "1"]

1. e4 e6 2. d3 d5 3. Qe2 Nf6 4. Nf3 Be7 5. g3 b6 6. Bg2 c5 7. e5 Nfd7 8. c4 Nf8 9. Nc3 Bb7 10. h4 h6 11. h5 Nc6 12. 0-0 d4 13. Nb5 g5 14. Nh2 a6 15. Na3 Qc7 16. Ng4 Nd7 17. Re1 0-0-0 18. Bd2 Rdf8 19. Rab1 Nd8 20. Bxb7+ Kxb7 21. b4 f5 22. exf6 Nxf6 23. Ne5 Rhg8 24. Nc2 Ka7 25. a4 Bd6 26. a5 Bxe5 27. axb6+ Qxb6 28. bxc5 Qc7 29. Qxe5 Qxe5 30. Rxe5 Nd7 31. Re2 e5 32. Ba5 Nc6 33. Bb6+ Kb7 34. Ne1 Ncb8 35. Bd8+ Kc6 36. Be7 Re8 37. Bd6 Nxc5 38. Bxc5 Kxc5 39. Nf3 e4 40. dxe4 Kxc4 41. Rc1+ 1-0

[Event "Besancon op"]
[Site "Besancon"]
[Date "1998.??.??"]
[Round "?"]
[White "Kogan, Artur"]
[Black "Charmier, Gregory"]
[Result "1/2-1/2"]
[WhiteElo "2485"]
[BlackElo "2100"]
[PlyCount "124"]
[EventDate "1998.??.??"]
[EventType "swiss"]
[EventRounds "7"]
[EventCountry "FRA"]
[SourceTitle "EXT 1999"]
[Source "ChessBase"]
[SourceDate "1998.11.16"]
[SourceVersion "1"]
[SourceVersionDate "1998.11.16"]
[SourceQuality "1"]

1. e4 e6 2. d4 d5 3. e5 c5 4. Nf3 Qb6 5. Bd3 Nc6 6. 0-0 Nxd4 7. Nxd4 cxd4 8. Nd2 Ne7 9. Re1 Nc6 10. a3 Bd7 11. b4 Rc8 12. Qg4 a5 13. b5 Ne7 14. Nf3 Nf5 15. Bb2 h5 16. Qf4 g6 17. Bxd4 Nxd4 18. Nxd4 Bh6 19. Qf6 Rg8 20. Nf5 Bf8 21. Ne3 Qc5 22. c4 Be7 23. Qf4 g5 24. Qf3 g4 25. Qe2 Rg5 26. Qd2 Rxe5 27. Qxa5 Bf6 28. Rad1 d4 29. Nc2 Rxe1+ 30. Qxe1 Qe5 31. Qxe5 Bxe5 32. a4 Bg7 33. a5 f5 34. f4 gxf3 35. gxf3 e5 36. Nb4 e4 37. fxe4 fxe4 38. Re1 e3 39. a6 bxa6 40. Nxa6 Bf8 41. Kg2 Be7 42. Kf3 Bg4+ 43. Kg3 Bd6+ 44. Kg2 h4 45. h3 Bh5 46. c5 Bg3 47. Rc1 Ke7 48. b6 Rg8 49. Bh7 Rg7 50. Be4 e2 51. Kh1 e1Q+ 52. Rxe1 Bxe1 53. c6 Bg3 54. c7 Rg8 55. Nb4 Bf7 56. Nc6+ Kd7 57. Nxd4 Bxc7 58. Bf5+ Kd6 59. Nb5+ Kc6 60. bxc7 Bd5+ 61. Kh2 Kxb5 62. c8Q Rg2+ 1/2-1/2